<?xml version="1.0" encoding="UTF-8"?>
<marc:record xmlns:marc="http://www.loc.gov/MARC21/slim">
   <marc:leader>00000nam a2200000 a 4500</marc:leader>
   <marc:datafield ind1="1" ind2=" " tag="100">
      <marc:subfield code="a">Kötter, Engelbert</marc:subfield>
      <marc:subfield code="4">aut</marc:subfield>
      <marc:subfield code="e">Verfasser/-in</marc:subfield>
   </marc:datafield>
   <marc:datafield ind1=" " ind2=" " tag="653">
      <marc:subfield code="a">Pflanzen</marc:subfield>
   </marc:datafield>
   <marc:datafield ind1=" " ind2=" " tag="653">
      <marc:subfield code="a">Ratgeber</marc:subfield>
   </marc:datafield>
   <marc:datafield ind1=" " ind2=" " tag="653">
      <marc:subfield code="a">Kräuter</marc:subfield>
   </marc:datafield>
   <marc:datafield ind1=" " ind2=" " tag="653">
      <marc:subfield code="a">Garten</marc:subfield>
   </marc:datafield>
   <marc:datafield ind1=" " ind2=" " tag="653">
      <marc:subfield code="a">Küche</marc:subfield>
   </marc:datafield>
   <marc:datafield ind1=" " ind2=" " tag="653">
      <marc:subfield code="a">Kochen</marc:subfield>
   </marc:datafield>
   <marc:datafield ind1=" " ind2=" " tag="653">
      <marc:subfield code="a">Pflanzenheilkunde</marc:subfield>
   </marc:datafield>
   <marc:datafield ind1="0" ind2="0" tag="245">
      <marc:subfield code="a">Küchenkräuter in Töpfen</marc:subfield>
   </marc:datafield>
   <marc:datafield ind1="0" ind2="0" tag="245">
      <marc:subfield code="b">Es geht auch ohne Beet</marc:subfield>
   </marc:datafield>
   <marc:datafield ind1=" " ind2="1" tag="264">
      <marc:subfield code="b">Gräfe und Unzer</marc:subfield>
      <marc:subfield code="c">2014</marc:subfield>
   </marc:datafield>
   <marc:datafield ind1="1" ind2=" " tag="490">
      <marc:subfield code="a">Pflanzenratgeber</marc:subfield>
   </marc:datafield>
   <marc:datafield ind1="1" ind2=" " tag="520">
      <marc:subfield code="a">Kaum etwas ist in der Küche so unentbehrlich wie Kräuter. Umso besser, wenn diese erntefrisch aus dem eigenen Anbau kommen! Ein Kräutergarten auf Balkon oder Terrasse garantiert eine gesunde Geschmacksvielfalt, die jedes Feinschmeckerherz höher schlagen lässt, ob man sich nun lieber an die Küchenklassiker hält, die mediterrane Küche bevorzugt oder gerne mit Exotischem experimentiert. Wer als Kräutergärtner einige Grundregeln der Pflege beachtet, kann viele Monate das würzige Grün unmittelbar vor dem Fenster ernten, bei manchen Kräuterarten sogar direkt vom Fensterbrett. Diverse Konservierungsmethoden erlauben auch noch später im Jahr in den Genuss der Kräuterwürze zu kommen. Sogar im Winter braucht man auf Vitamine von der Fensterbank nicht zu verzichten: Selbst herangezogene Keimlinge sorgen dann für Abwechslung auf dem Speiseplan. Als Extra gibtÆs die GU Garten und Natur Plus-App. Damit wird der Pflanzenratgeber interaktiv und hält weitere interessante Zusatzinfos und Bilder bereit.</marc:subfield>
   </marc:datafield>
   <marc:datafield ind1=" " ind2=" " tag="020">
      <marc:subfield code="a">9783833838613</marc:subfield>
      <marc:subfield code="9">9783833838613</marc:subfield>
   </marc:datafield>
</marc:record>
